| 000 | 00000nam##2200000za#4500 |
| 001 | 9.625147 |
| 003 | CaOODSP |
| 005 | 20240212134142 |
| 007 | ta |
| 008 | 150406|1999||||xxc||||| f|0| 0 fre|d |
| 020 | |a0-662-84110-7 |
| 022 | |a1713-0646 |
| 040 | |aCaOODSP|bfre |
| 043 | |an-cn--- |
| 086 | 1 |aNE22-1/1999-6F |
| 110 | 1 |aCanada. |bOffice national de l'énergie. |
| 245 | 10|aMaritimes & Northeast Pipeline Management Ltd. : |bdemande en date du 5 juin 1998, dans sa version modifiée, visant les installations du latérale Saint John |
| 260 | |aCalgary - Alberta : |bOffice national de l'énergie |c1999. |
| 300 | |avii, 34p. : |bfigure, tableaux ; |c28 cm. |
| 490 | 1 |aMotifs de décision|x1713-0646|v6 |
| 563 | |aCouverture souple |
| 590 | |a99-49|b1999-12-10 |
| 691 | 07|aPipeline|2gcpds |
| 775 | 08|tMaritimes & Northeast Pipeline management Ltd. : |w(CaOODSP)9.614975 |
| 776 | 0#|tMotifs de décision relativement à Maritimes & Northeast Pipeline Management Ltd. : |w(CaOODSP)9.602936 |
| 830 | #0|aMotifs de décision (Canada. Office national de l'énergie)|x1713-0646|v6|w(CaOODSP)9.513162 |
| 986 | |aGH-4-99 |